000 00483nam a2200193Ia 4500
005 20240527032145.0
008 240331s9999 xx 000 0 und d
020 _a00896080455
082 _bWEI
_a335
100 _aWeinbaum, Batya
245 4 _aThe curious courtship of women's liberation and socialism
250 _a1 st
260 _aBoston
_bSouth End Press
_c1978
300 _aix, 168 p .,
650 _aEconomic
650 _aPolitics
650 _aFeminist
942 _cL
999 _c2756
_d2756